| 000 | 004850000a22001810004500 | ||
|---|---|---|---|
| 020 | _a84-7228-243-0 | ||
| 041 | 0 | _aSPA | |
| 082 | 0 | 4 | _aG 266.009 F3631s |
| 100 | 1 | _aFernández, Nancy S. de | |
| 245 | 1 | 0 | _aSamuel : Novela de la vida real / Nancy S. de Fernández |
| 260 | _aTerrassa, Barcelona, España : CLIE | ||
| 300 | _a99 Pag | ||
| 001 | 7432 | ||
| 942 | _cBK | ||
| 999 |
_c37645 _d37645 |
||
| 336 |
_atexto _btxt _2rdacontent |
||
| 337 |
_2rdamedia _asin mediación _bn |
||
| 338 |
_2rdacarrier _avolumen _bnc |
||